| 000 | 02081cam a22004574i 4500 | ||
|---|---|---|---|
| 003 | PE-LiUPU | ||
| 005 | 20250731184522.0 | ||
| 008 | 150617s r 000 0 d | ||
| 035 | _a(Sirsi) a18772 | ||
| 040 |
_aPE-LiUPU _bspa _cPE-LiUPU _erda |
||
| 049 | _aPRUA | ||
| 082 | 0 | 4 |
_a909.82 _bL456h _223 |
| 100 | 1 |
_aLecaros Villavisencio, Fernando, _d1941-, _eautor. _95513 |
|
| 245 | 1 | 0 |
_aHistoria del Perú y del mundo siglo XX / _cFernando Lecaros Villavisencio ; prólogo, Jorge Basadre. |
| 250 | _aTercera edición. | ||
| 264 | 1 |
_aLima : _bEds. Rikchay Perú, _c1977. |
|
| 300 |
_a254 páginas : _bIlustraciones, retratos ; _c20 cm |
||
| 336 |
_atext _2rdacontent |
||
| 337 |
_aunmediated _2rdamedia |
||
| 338 |
_avolume _2rdacarrier |
||
| 505 | 0 | _aEl capitalismo y el imperialismo en el siglo XX -- La segunda revolución industrial -- La expansión colonial y la primera guerra mundial -- La revolución rusa y la revolución mexicana -- La europa de postguerra y el despertar de los pueblos coloniales -- El civilismo y el cambio de dominación -- La estructura social y la evolución política durante el oncenio de Leguia -- Cronología Perú-mundo 1900-1930 -- De la crisis del 29 a la segunda guerra mundial -- La postguerra y el tercer mundo -- Personalidades del mundo contemporáneo -- Cronología del Perú-mundo 1930-1977 -- La crisis del 29 y su repercusión en América Latina -- El Perú en 1968 y el proceso de transformación estructural -- Personalidades del Perú contemporáneo. | |
| 526 | _aP136 | ||
| 526 | _aP135 | ||
| 526 | _aP134 | ||
| 526 | _aP133 | ||
| 526 | _aP144 | ||
| 526 | _aP143 | ||
| 526 | _aP87 | ||
| 526 | _aP35 | ||
| 526 | _aP20 | ||
| 526 | _aP14 | ||
| 526 | _aP10 | ||
| 526 | _aP06 | ||
| 650 | 2 | 4 |
_aImperialismo _xHistoria _ySiglo XX. _95514 |
| 650 | 2 | 4 |
_aCapitalismo _xHistoria _ySiglo XX. _95515 |
| 651 | 1 | 4 |
_aPerú _xHistoria _ySiglo XX. _95516 |
| 700 |
_aBasadre, Jorge, _d1903-1980, _eprologuista. _95517 |
||
| 942 |
_2ddc _cBK |
||
| 980 |
_81 _gALBERTO SANCHEZ Responsable de Automatización |
||
| 999 |
_c18500 _d18500 |
||